| 000 | 00731nam a2200229 a 4500 | ||
|---|---|---|---|
| 001 | 4006 | ||
| 005 | 20140414132036.0 | ||
| 008 | 040202s19uu xx 00 eng d | ||
| 020 | _a0-394-88320-9 | ||
| 050 |
_aTR _bT22 1986 |
||
| 100 | _aO'Connor, Jane | ||
| 245 |
_aThe teeny tiny woman / _cJane O'Connor. |
||
| 260 |
_aU.S.A : _bRandom House, _c1986. |
||
| 300 | _a30 p. ; cm. | ||
| 440 | _aStep into reading | ||
| 520 | _aA teeny tiny woman who puts a teeny tiny bone she find in a churchyard away in a cupboard before she goes to sleep is awakened by a voice demanding the return of the bone. | ||
| 650 |
_aGhost _xFolklore. |
||
| 650 |
_aFolklore _xEngland. |
||
| 999 |
_c113737 _d113737 |
||